|
|
|
|
| LEADER |
00000naa a2200000uu 4500 |
| 001 |
vtls011046966 |
| 003 |
SK-MaSNL |
| 005 |
20260302114900.0 |
| 008 |
210905|2005 xo |||||||||||||||||ukr| |
| 015 |
|
|
|a SNBRA
|
| 035 |
|
|
|a (urnnbn)urn:nbn:sk:snk:ar-009344
|
| 035 |
|
|
|a (uuid)5a0f307a-c347-43e2-8d69-bdf31c935209
|
| 035 |
|
|
|a urn:nbn:sk:snk-aauycc
|
| 040 |
|
|
|a SNKBUCL
|b slo
|c SNKBUCL
|e AACR2
|
| 041 |
0 |
|
|a ukr
|
| 044 |
|
|
|a xo
|c SK
|
| 100 |
1 |
|
|a Beskid, Gavriil
|4 aut
|9 797510
|
| 245 |
1 |
0 |
|a Vpliv cer'kvi na kulturnyj i narodnyj žyvot Rusiniv u minulosti
|c Gavriil BESKID
|
| 773 |
0 |
|
|t Vyznačny pro Rusyniv
|d Prjašiv : Svitovyj kongres Rusyniv, 2005
|g S. 34-36
|z 8088769647
|
| 958 |
|
|
|a OND
|
| 958 |
|
|
|a article12
|
| 958 |
|
|
|a chapter
|
| 999 |
|
|
|c 1261921
|d 1263851
|